| 000 | 01281nam a2200373 u 4500 | ||
|---|---|---|---|
| 999 |
_c200426934 _d44858 |
||
| 001 | 000979066 | ||
| 003 | TR-AnTOB | ||
| 005 | 20210421100724.0 | ||
| 008 | 120913s2012 tu g a000 0 tur | ||
| 020 | _a9789754982169 : | ||
| 035 | _aNLT01 | ||
| 040 |
_aTR-AnTOB _beng _cTR-AnTOB _erda |
||
| 041 | 0 | 0 | _atur |
| 050 |
_aDR486 _b.O98 2012 |
||
| 090 |
_aDR486 _b.O98 2012 |
||
| 100 | 1 |
_aÖztoprak, Fahrettin, _d1954- _eaut. |
|
| 245 | 1 | 0 |
_aOğuzların isyanı ve Babai Türkmenler / _cFahrettin Öztoprak ; editör: İlyas Topsakal. |
| 264 |
_aİstanbul : _bTürk Dünyası Araştırmaları Vakfı, _c2012. |
||
| 300 |
_a372 pages ; _billustrations ; _c20 cm. |
||
| 336 |
_2rdacontent _atext |
||
| 337 |
_2rdamedia _aunmediated |
||
| 338 |
_2rdacarrier _avolume |
||
| 504 | _aIncludes indexes. | ||
| 650 | 4 |
_aAyaklanmalar _xTarih _xOsmanlı İmparatorluğu |
|
| 650 | 0 |
_aAyaklanmalar _zTürkiye _xTarih _915226 |
|
| 700 | 1 |
_aTopsakal, İlyas, _eed. |
|
| 942 |
_2lcc _cBK |
||
| 947 |
_a18469034 _b7304399 _c9 _d6 _eMilli Kutuphane _fMilli Kutuphane _g2012-12-24 10:46:15 |
||
| 949 | _aD.N. 636672 | ||
| 956 |
_aARDSIFA _b01 _c20120913 _lNLT01 _h1805 |
||
| 956 |
_aARDORAL _b01 _c20120915 _lNLT01 _h1006 |
||
| 956 |
_aARDUMIT _b05 _c20121205 _lNLT01 _h1017 |
||